Responses for Show #9096 - Monday, May 6, 2024

Weckiai Rannila game 4.

Contestants

[<< previous game]

Carrie Klaus, a French professor from Greencastle, Indiana

Matthew Smith, a paramedic from New York, New York

Weckiai Rannila, an engineer from Albuquerque, New Mexico (whose 3-day cash winnings total $35,200)

[next game >>]

Jeopardy! Round responses

IN THE 19th CENTURY
STATE MOTTOES
A FLORAL CATEGORY
EMBRACE THE DARK SIDE
RECORDED AT ABBEY ROAD
HOMOPHONES
    $200 24
the Red Cross

Weckiai
    $200 30
Ohio

Weckiai
    $200 29
sunflowers

Carrie
    $200 26
(Ken: "It was a [*] and [**] night".)

dark & stormy

Weckiai
    $200 22
Raiders of the Lost Ark

Weckiai
    $200 12
whet/wet

Weckiai
    $400 23
Vanderbilt

Carrie
    $400 28
In God We Trust

Weckiai
    $400 27
a lily

Carrie
    $400 25
the Dark Ages

Matthew
    $400 21
Adele

Matthew
    $400 11
descent/dissent

Carrie
    $600 5
Trafalgar

Weckiai
    $600 6
Divided We Fall

Weckiai
    $600 20
poinsettia

Weckiai
    $600 17
the Dead Sea Scrolls

Weckiai
    $600 14
Ed Sheeran

Weckiai
    $600 10
a scull/skull

Carrie
    $1,000 3
(Ken: Known by both names.)

Isabel (Isabella II)

Weckiai
    $800 1
(Weckiai: What is Maine?)
(Matthew: What is Washington?)

Minnesota

WeckiaiMatthew
Triple Stumper
    $800 19
zinnia

Weckiai
    $800 15
James K. Polk

Weckiai
    $800 7
Rita

Matthew
    $800 9
sensor/censer

Weckiai
    $1000 4
the Opium Wars

Matthew
    $1000 2
Agriculture & Commerce

Weckiai
    $1000 18
a bleeding heart

Matthew
    $1000 16
dark matter

Weckiai
    $1000 13
The 1975

Weckiai
    $1000 8
pika/pica

Carrie

Scores at the first commercial break (after clue 15):

Weckiai Matthew Carrie
$5,800 $1,000 $2,000

Scores at the end of the Jeopardy! Round:

Weckiai Matthew Carrie
$10,000 $2,800 $3,000

Double Jeopardy! Round responses

COMBAT PILOTS
THE PLOT SICKENS
KNOWN BY THEIR INITIALS
4-LETTER VERBS
U.S. COLLEGES & UNIVERSITIES
TIME FOR SOME TV "AD"s
    $400 29
Squadron

Weckiai
    $400 13
Edgar Allan Poe

Weckiai
    $400 7
H.G. Wells

Carrie
    $400 24
nuke

Matthew
    $400 23
Duke

Carrie
    $400 30
Mad Men

Matthew
    $4,000 28
Yeager

Matthew
    $800 12
Beth

Carrie
    $800 6
P.T. Barnum

Triple Stumper
    $800 18
furl

Weckiai
    $800 14
William & Mary

Weckiai
    $800 22
Black Adder

Weckiai
    $1200 27
Ted Williams

Matthew
    $1200 2
Five Feet Apart

Triple Stumper
    $1200 5
F.W. de Klerk

Triple Stumper
    $1200 9
to shag

Matthew
    $1200 8
Harpers Ferry

Weckiai
    $1200 16
(Ken: I think it occurred to Carrie just too late.)

Inspector Gadget

Triple Stumper
    $1600 26
the Yom Kippur War

Matthew
    $1600 3
polio

Matthew
    $1600 1
(W.E.B.) Du Bois

Weckiai
    $1600 10
espy

Weckiai
    $2,000 19
(Weckiai: What is... the University of Pennsylvania?)
(Ken: No, I'm sorry, it's [*], the [*] Owls.)

Temple

Weckiai
    $1600 15
(Ken: That show was [*].)

Madam Secretary

Triple Stumper
    $2000 25
the Flying Circus

Triple Stumper
    $2000 11
Tolstoy

Carrie
    $2000 4
P.D.Q. Bach

Carrie
    $2000 17
laud

Carrie
    $2000 20
Whittier

Weckiai
    $2000 21
Adam Ruins Everything

Weckiai

Scores at the end of the Double Jeopardy! Round:

Weckiai Matthew Carrie
$19,600 $13,200 $10,600

[wagering suggestions for these scores]

Final Jeopardy! Round responses

HISTORIC GROUPS
(Ken: [To Matthew] Formed to protect the pope; that's the Medici connection.)
CarrieWhat is the Italian army?
$9,000
MatthewWhat is the swiss guard?
$13,200
WeckiaiWhat is the French Foreign Legion?)
$6,801
the Swiss Guard

Final scores:

Weckiai Matthew Carrie
$12,799 $26,400 $1,600
2nd place: $3,000 New champion: $26,400 3rd place: $2,000

Game dynamics:

Coryat scores:

Weckiai Matthew Carrie
$21,400 $10,000 $10,600
28 R
(including 1 DD),
2 W
(including 1 DD)
12 R
(including 1 DD),
1 W
12 R,
0 W

Combined Coryat: $42,000

[game clues] [game scores] [suggest correction]

Game tape date: 2024-04-02
The J! Archive is created by fans, for fans. Scraping, republication, monetization, and malicious use prohibited; this site may use cookies and collect identifying information. See terms. The Jeopardy! game show and all elements thereof, including but not limited to copyright and trademark thereto, are the property of Jeopardy Productions, Inc. and are protected under law. This website is not affiliated with, sponsored by, or operated by Jeopardy Productions, Inc. Join the discussion at JBoard.tv.